Equipes belges en D1 en 2025. - Statistiques

Statistiques générales
  • Ce quiz a été pris 24 fois
  • Le résultat moyen est 12 sur 16
Statistiques - réponses
Noms % Correct
2. Club Brugge
100%
5. Anderlecht
90%
9. Genk
90%
11. Standard
90%
13. Antwerp
85%
14. Cercle Bruges
85%
8. Charleroi
85%
3. La Gantoise
85%
1. Union Saint-Gilloise
80%
10. La Louvière
70%
16. Dender
55%
12. Westerlo
55%
7. Zulte Waregem
55%
4. Malines
50%
15. OH Louvain
50%
6. Saint-Trond
50%
Aucun quiz correspondant
Distribution des résultats
% des personnes avec chaque résultat
Percentile par nombre de réponses
Votre historique - résultats
Vous n’avez pas pris ce quiz